• 首页
  • 本馆介绍
  • 公告通知
  • 最新文献
  • 馆藏检索
  • 电子资源
  • 读者导购
  • 参考咨询
  • 我的图书馆
  • 登录
  • 详细信息显示
  • 放入我的书架
  • 预约/预借图书
  • 作者相关作品
  • 分类相关作品
  • 丛书相关作品
  • 出版社相关作品

书目信息

  • 表格格式
  • 工作单格式
  • 卡片格式
题名:
大脑、机器和数学
    
 
作者: 阿尔贝勃 著 ;朱熹豪 , 金观涛 译
分册:  
出版信息: 北京   商务印书馆  1982
页数: 131页
开本: 20cm
丛书名:
单 册:
中图分类: O23
科图分类:
主题词: 控制论--数学理论 , 信息论--数学理论
电子资源:
ISBN:
000 00691nam0 2200241 45
001 0405200811
005 20040520084651.9
010    @dCNY0.60
091    @a2017.277
100    @a20040520d1982 km y0chiy0120 ea
101 0  @achi@ceng
105    @a z 000yy
200 1  @a大脑、机器和数学@ADa Nao、Ji Qi He Shu Xue@f(美)阿尔贝勃著@F(Mei)A Er Bei Bo Zhu@g朱熹豪,金观涛译
210    @a北京@c商务印书馆@d1982
215    @a131页@d20cm
606 0  @a控制论@x数学理论
606 0  @a信息论@x数学理论
690    @aO23@v3
701  0 @a阿尔贝勃@4著
702  0 @a朱熹豪@AZhu Xi Hao@4译
702  0 @a金观涛@AJin Guan Tao@4译
801    @aCN@bPftUser@c20040520
905    @f2@b220373-374@dO23@e11
    
    大脑、机器和数学/(美)阿尔贝勃著/朱熹豪,金观涛译.-北京:商务印书馆,1982
    131页;20cm
    
    
    ISBN :CNY0.60
    
●
相关链接 在E读中查询图书 在五车中查询图书 在当当中查询图书 在豆瓣中查询图书


正题名:大脑、机器和数学     索取号:O23/11         预约/预借

序号 登录号 条形码 馆藏地/架位号 状态 备注
1 0220373   001444556   第三借阅区/ [索取号:O23/11] 在馆    
2 0220374   001444529   第三借阅区/ [索取号:O23/11] 在馆    
3 0220375   202100074   第二样本阅览室/ [索取号:O23/11] 在馆    
唐山师范学院图书馆 欢迎您!
大连网信软件有限公司© 版权所有